[Event "9th Sunway Sitges 2022"]
[Site "Sitges ESP"]
[Date "2022.12.19"]
[Round "7.95"]
[White "Vogt, Lothar"]
[Black "Butolo, Alexandru-Mircea"]
[Result "1-0"]
[WhiteTitle "GM"]
[BlackTitle "CM"]
[WhiteElo "2339"]
[BlackElo "2043"]
[WhiteFideId "4611292"]
[BlackFideId "1261649"]
[EventDate "2022.12.12"]

1. e4 c5 2. c3 Nf6 3. e5 Nd5 4. Nf3 Nc6 5. Bc4 Nb6 6. Bb3 d6 7. exd6 Qxd6 8. d4
cxd4 9. cxd4 Be6 10. Nc3 Bxb3 11. Qxb3 Nxd4 12. Nxd4 Qxd4 13. Be3 Qd7 14. O-O
Nc8 15. Rac1 Nd6 16. Nd5 Rc8 17. Rxc8+ Qxc8 18. Rc1 Qb8 19. Qa4+ b5 20. Qa6 Qb7
21. Qxb7 Nxb7 22. Rc8+ Kd7 23. Rc7+ Kd6 24. Rxb7 Kxd5 25. Rxb5+ Kc6 26. Ra5 g6
27. Ra6+ Kd7 28. Rxa7+ Kd6 29. b4 f5 30. Bc5+ Kc6 31. a4 e5 32. Bxf8 Rxf8 33.
Rxh7 Ra8 34. a5 Rb8 35. Rg7 Rxb4 36. Rxg6+ Kd5 37. h4 Rxh4 38. Rf6 Ra4 39. Rxf5
Rxa5 40. g4 Ke6 41. Kg2 Ra8 42. Kg3 Rh8 43. Rf3 Rg8 44. Ra3 Re8 45. Ra6+ Kf7 46.
g5 Kg7 47. Rf6 e4 48. Kf4 Re7 49. Ra6 Re8 50. Kf5 Rf8+ 51. Rf6 Re8 52. Rg6+ Kh7
53. Re6 Rf8+ 54. Rf6 Re8 55. Rf7+ Kg8 56. Kf6 Ra8 57. Rg7+ Kh8 58. Re7 Rf8+ 59.
Kg6 Rg8+ 60. Kh6 Rg7 1-0

[Event "9th Sunway Sitges 2022"]
[Site "Sitges ESP"]
[Date "2022.12.19"]
[Round "7.96"]
[White "Chulis, Alexander"]
[Black "Lim, Zhuo Ren"]
[Result "0-1"]
[BlackTitle "FM"]
[WhiteElo "2097"]
[BlackElo "2305"]
[WhiteFideId "1607588"]
[BlackFideId "5702488"]
[EventDate "2022.12.12"]

1. e4 c5 2. Ne2 Nf6 3. Nbc3 d5 4. exd5 Nxd5 5. Nxd5 Qxd5 6. Nc3 Qd8 7. g3 h5 8.
h3 g6 9. Bg2 Bg7 10. d3 Nc6 11. Rb1 Bd7 12. Be3 b6 13. Ne2 Rc8 14. O-O O-O 15.
Qd2 Nd4 16. f4 Be6 17. Kh2 Qd7 18. Rbe1 Rfd8 19. b3 b5 20. Nxd4 cxd4 21. Bg1 Rc3
22. Rf2 Rdc8 23. Qd1 Bf6 24. Rxe6 Qxe6 25. Be4 Qd6 26. Kg2 e6 0-1

[Event "9th Sunway Sitges 2022"]
[Site "Sitges ESP"]
[Date "2022.12.19"]
[Round "7.97"]
[White "Torngren, Gustav"]
[Black "Le Pen, Steven"]
[Result "1/2-1/2"]
[WhiteTitle "FM"]
[WhiteElo "2275"]
[BlackElo "2038"]
[WhiteFideId "1728970"]
[BlackFideId "612197"]
[EventDate "2022.12.12"]

1. c4 c5 2. Nf3 Nc6 3. d4 cxd4 4. Nxd4 Nf6 5. g3 e5 6. Nb5 Bb4+ 7. N1c3 d6 8. a3
Bxc3+ 9. Nxc3 Be6 10. Bg2 Bxc4 11. Bxc6+ bxc6 12. Qa4 Bb5 13. Nxb5 cxb5 14.
Qxb5+ Qd7 15. Qxd7+ Kxd7 16. Bg5 d5 17. O-O-O Ne4 18. Be3 Rhc8+ 19. Kb1 d4 20.
f3 Nd6 21. Bc1 Ke6 22. Rd3 Rab8 23. Rhd1 Nb5 24. Ka1 Rc4 25. Bd2 f5 26. Rc1 Rbc8
27. Rd1 e4 28. Rb3 a6 29. Bf4 Kd5 30. Rb1 R8c5 31. h3 a5 32. g4 g6 33. gxf5 gxf5
34. fxe4+ Kxe4 35. Rf3 a4 36. Bg3 Rc2 37. Rbf1 R2c4 38. e3 d3 39. Rf4+ Kxe3 40.
Re1+ Kd2 41. Rff1 Re4 42. Rd1+ Ke2 43. Rde1+ Kd2 44. Rd1+ Ke2 45. Rde1+ Kd2 46.
Rd1+ Ke2 1/2-1/2

[Event "9th Sunway Sitges 2022"]
[Site "Sitges ESP"]
[Date "2022.12.19"]
[Round "7.98"]
[White "Newrkla, Katharina"]
[Black "Ramos Aguilar, Jose Manuel"]
[Result "1-0"]
[WhiteTitle "WIM"]
[WhiteElo "2265"]
[BlackElo "2008"]
[WhiteFideId "1621629"]
[BlackFideId "2221390"]
[EventDate "2022.12.12"]

1. e4 c5 2. Nf3 e6 3. d4 cxd4 4. Nxd4 Nc6 5. Nc3 Qc7 6. Be3 a6 7. a3 Nf6 8. f4
d6 9. Qf3 Bd7 10. O-O-O Be7 11. Be2 Nxd4 12. Bxd4 Rc8 13. e5 dxe5 14. fxe5 Nd5
15. Rhf1 O-O 16. Bd3 Nxc3 17. Bxc3 Bxa3 18. Bxh7+ Kxh7 19. Qh5+ Kg8 20. Rf3
Bxb2+ 21. Kxb2 Qb6+ 22. Kc1 Rxc3 23. Rxc3 Qa5 24. Kb2 Bc6 25. Rh3 Qb4+ 26. Kc1
Qf4+ 27. Kb1 Qb4+ 28. Kc1 Qf4+ 29. Rd2 Qf1+ 30. Kb2 Qb5+ 31. Kc1 Qf1+ 32. Qd1
Qf4 33. Kb1 Bd5 34. Rd4 Qxe5 35. Rdh4 f6 36. Qd2 Kf7 37. Re3 Qd6 38. Qe2 Qb6+
39. Kc1 Rc8 40. Qh5+ Ke7 41. Rg3 g5 42. Qh7+ Kd6 43. Ra3 Qc6 44. Rd4 f5 45. Rd2
Qc5 46. Qg7 Qg1+ 47. Kb2 Rc5 48. Rb3 Ra5 49. Qf8+ Kc6 50. Qc8+ 1-0

[Event "9th Sunway Sitges 2022"]
[Site "Sitges ESP"]
[Date "2022.12.19"]
[Round "7.99"]
[White "Galvan Cipriani, Viviana"]
[Black "Ruiz Buendia, Miguel"]
[Result "1/2-1/2"]
[WhiteTitle "WFM"]
[BlackTitle "FM"]
[WhiteElo "2088"]
[BlackElo "2257"]
[WhiteFideId "32041144"]
[BlackFideId "24537675"]
[EventDate "2022.12.12"]

1. d4 Nf6 2. c4 g6 3. Nc3 d5 4. cxd5 Nxd5 5. e4 Nxc3 6. bxc3 Bg7 7. Be3 c5 8.
Nf3 Nc6 9. Be2 Bg4 10. e5 cxd4 11. cxd4 Qa5+ 12. Qd2 Qxd2+ 13. Nxd2 Bxe2 14.
Kxe2 Rd8 15. Nb3 O-O 16. Rac1 e6 17. Rhd1 Nb4 18. a3 Nd5 19. Nc5 b6 20. Ne4 Rc8
21. Kd3 f6 22. f4 fxe5 23. Rxc8 Rxc8 24. dxe5 Bf8 25. Ra1 b5 26. g3 a5 27. Nf6+
Nxf6 28. exf6 Kf7 29. Bd4 h5 30. h3 Bd6 31. Be5 Rc5 32. Kd4 b4 33. g4 Rc4+ 34.
Kd3 Bxe5 35. fxe5 hxg4 36. hxg4 g5 37. Rb1 Rc5 38. Kd4 Rc4+ 39. Kd3 Rc5 1/2-1/2

[Event "9th Sunway Sitges 2022"]
[Site "Sitges ESP"]
[Date "2022.12.19"]
[Round "7.101"]
[White "Sarveshwaran V"]
[Black "Sieber, Fiona"]
[Result "1-0"]
[BlackTitle "WIM"]
[WhiteElo "2040"]
[BlackElo "2245"]
[WhiteFideId "25699016"]
[BlackFideId "12902373"]
[EventDate "2022.12.12"]

1. e4 e5 2. Nf3 Nc6 3. Bb5 a6 4. Ba4 Nf6 5. d3 b5 6. Bb3 Be7 7. a4 b4 8. O-O d6
9. h3 O-O 10. Nbd2 h6 11. Nc4 Be6 12. Re1 a5 13. Be3 Re8 14. Qe2 Bf8 15. Rad1 g6
16. d4 exd4 17. Nxd4 Nxd4 18. Bxd4 Bg7 19. e5 dxe5 20. Bxe5 Nd7 21. Qf3 Bxc4 22.
Bxc4 Nxe5 23. Rxe5 Rxe5 24. Rxd8+ Rxd8 25. Qxf7+ Kh7 26. Bd3 Rd6 27. Qxc7 Re1+
28. Kh2 b3 29. Qc4 Rf6 30. f3 bxc2 31. Qxc2 Rb6 32. b3 Ra1 33. h4 h5 34. Qc5 Re6
35. Qxh5+ Bh6 36. Qg4 Rd6 37. h5 Kh8 38. Qc8+ Kg7 39. Qc7+ 1-0

[Event "9th Sunway Sitges 2022"]
[Site "Sitges ESP"]
[Date "2022.12.19"]
[Round "7.102"]
[White "Schmuck, Corentin"]
[Black "Gulatz, Maurice"]
[Result "1/2-1/2"]
[BlackTitle "CM"]
[WhiteElo "2040"]
[BlackElo "2227"]
[WhiteFideId "20669569"]
[BlackFideId "24642746"]
[EventDate "2022.12.12"]

1. e4 c6 2. Nc3 d5 3. Qf3 d4 4. Bc4 Nf6 5. Nge2 Nbd7 6. Bb3 e5 7. d3 a5 8. a3
Bd6 9. Ba2 Qe7 10. Ng3 h6 11. Nf5 Qf8 12. g4 g6 13. Ng3 h5 14. g5 Nh7 15. h4 Qe7
16. Nge2 Nhf8 17. Qg2 Nc5 18. f4 Be6 19. Bxe6 Nfxe6 20. O-O exf4 21. Nxf4 Be5
22. Bd2 Qc7 23. Nce2 a4 24. Rf2 Qb6 25. Raf1 Qxb2 26. Nxe6 fxe6 27. Bb4 Nd7 28.
Qh3 O-O-O 29. Qxe6 Rhe8 30. Qxg6 c5 31. Ba5 b6 32. Qc6+ Bc7 33. Bd2 Ne5 34. Qa8+
Kd7 35. Qxa4+ b5 36. Qa7 Qxc2 37. Rf7+ Nxf7 38. Rxf7+ Re7 39. Rxe7+ Kxe7 40.
Qxc7+ Rd7 41. Qe5+ Kf8 42. Qh8+ Ke7 43. Qf6+ Ke8 44. Qe6+ Re7 45. Qc8+ Kf7 46.
g6+ Kg7 47. Qd8 Ra7 48. Qb8 Re7 49. Qd6 Ra7 50. Qe5+ Kxg6 51. Nf4+ Kh7 52. Qxh5+
Kg8 53. Qe8+ Kh7 54. Qg6+ Kh8 55. Qe8+ Kh7 56. Qg6+ Kh8 57. Qe8+ 1/2-1/2

[Event "9th Sunway Sitges 2022"]
[Site "Sitges ESP"]
[Date "2022.12.19"]
[Round "7.103"]
[White "Gaboyan, Susanna"]
[Black "Ankitha, Goud Palle"]
[Result "1-0"]
[WhiteTitle "WIM"]
[BlackTitle "WCM"]
[WhiteElo "2200"]
[BlackElo "1980"]
[WhiteFideId "13303627"]
[BlackFideId "35036270"]
[EventDate "2022.12.12"]

1. e4 e6 2. d4 d5 3. Nc3 Nf6 4. Bg5 Be7 5. e5 Nfd7 6. Bxe7 Qxe7 7. f4 a6 8. Nf3
c5 9. Be2 Nc6 10. Qd2 b5 11. O-O cxd4 12. Nxd4 Qc5 13. Rad1 Bb7 14. Kh1 Nxd4 15.
Qxd4 Qxd4 16. Rxd4 O-O 17. a4 bxa4 18. Rxa4 f6 19. exf6 Rxf6 20. Kg1 a5 21. Rfa1
Bc6 22. Rxa5 Rxa5 23. Rxa5 Rxf4 24. g3 Rb4 25. b3 Ne5 26. Kf2 Kf7 27. Na2 Rb6
28. b4 Kf6 29. Ke3 Be8 30. b5 Bh5 31. Bd3 Bg6 32. Ra6 Bxd3 33. Rxb6 Nc4+ 34.
Kxd3 Nxb6 35. Kd4 Nd7 36. Nb4 Ke7 37. c4 dxc4 38. Kxc4 Kd6 39. Nd3 e5 40. Nf2
Nb6+ 41. Kd3 Kc5 42. Ke4 Kd6 43. g4 Ke6 44. Kd3 g6 45. Ne4 h6 46. Nc3 Kf6 47. h4
Ke6 48. Ne4 Kd5 49. Nf6+ Ke6 50. Ng8 h5 51. g5 Kf7 52. Nf6 Ke6 53. Ke4 Nc8 54.
Ne8 Nb6 55. Nc7+ Kd6 56. Na6 Na4 57. Kd3 Ke6 58. Kc4 Kf5 59. Nc7 Nb6+ 60. Kc5
Na4+ 61. Kd6 Nb6 62. Nd5 Nc4+ 63. Kc5 Na5 64. Ne7+ Ke6 65. Nxg6 Kf5 66. Nxe5
Kxe5 67. b6 Nb7+ 68. Kc6 Nd8+ 69. Kd7 Nb7 70. Kc8 Na5 71. b7 Nxb7 72. Kxb7 1-0

[Event "9th Sunway Sitges 2022"]
[Site "Sitges ESP"]
[Date "2022.12.19"]
[Round "7.104"]
[White "Cherniack, Alex"]
[Black "Renganayaki Venkatesh"]
[Result "1-0"]
[WhiteElo "2188"]
[BlackElo "1978"]
[WhiteFideId "2007606"]
[BlackFideId "25705407"]
[EventDate "2022.12.12"]

1. d4 d5 2. c4 e6 3. Nc3 Nf6 4. Bg5 Be7 5. e3 Nbd7 6. Nf3 O-O 7. Rc1 h6 8. Bh4
c6 9. Qc2 dxc4 10. Bxc4 b5 11. Bd3 Bb7 12. O-O a6 13. Ne4 Nxe4 14. Bxe7 Qxe7 15.
Bxe4 f5 16. Bxc6 Rac8 17. Bxb7 Rxc2 18. Rxc2 Nb6 19. Bxa6 Ra8 20. Bxb5 Rxa2 21.
Rc6 Nd5 22. Ne5 Kh7 23. Rc8 Qb7 24. Rc5 Rxb2 25. Bc6 Qb3 26. Bxd5 exd5 27. g3
Rb1 28. h4 Rxf1+ 29. Kxf1 Qb1+ 30. Kg2 h5 31. Nf7 Qa2 32. Ng5+ Kh6 33. Rc6+ g6
34. Rc7 1-0

[Event "9th Sunway Sitges 2022"]
[Site "Sitges ESP"]
[Date "2022.12.19"]
[Round "7.105"]
[White "Karadzhov, Ivan"]
[Black "Nilssen, Ellen Fredericia"]
[Result "1/2-1/2"]
[BlackTitle "WFM"]
[WhiteElo "2024"]
[BlackElo "2187"]
[WhiteFideId "2922568"]
[BlackFideId "1441230"]
[EventDate "2022.12.12"]

1. d4 d5 2. c4 e6 3. Nf3 a6 4. Nbd2 Nf6 5. g3 c5 6. cxd5 exd5 7. Bg2 Nc6 8. O-O
cxd4 9. Nb3 Bd6 10. Nbxd4 O-O 11. b3 Re8 12. Bb2 Bd7 13. Rc1 Ne4 14. Nxc6 bxc6
15. Qd4 f6 16. e3 Qa5 17. a3 Bxa3 18. Ra1 Bxb2 19. Rxa5 Bxd4 20. Nxd4 Rab8 21.
Rc1 Rb6 22. Bxe4 dxe4 23. Rcc5 Kf7 24. Kg2 g6 25. g4 Ke7 26. g5 fxg5 27. Rxg5
Kd6 28. h4 Be6 29. h5 Bf7 30. hxg6 hxg6 31. Kg3 Rf8 32. b4 Rh8 33. Rg4 Re8 34.
Rf4 Bc4 35. Rf6+ Kd7 36. Rc5 Be6 37. Rxg6 Rg8 38. Rxg8 Bxg8 39. Kf4 Bd5 40. Ra5
Kc7 41. Ke5 Rxb4 42. Rxa6 Rb2 43. Nf5 Rxf2 44. Ne7 Rd2 45. Nxd5+ cxd5 46. Rd6
Rd3 47. Rxd5 Rxe3 48. Rd4 Kc6 49. Rxe4 Rxe4+ 50. Kxe4 1/2-1/2

[Event "9th Sunway Sitges 2022"]
[Site "Sitges ESP"]
[Date "2022.12.19"]
[Round "7.106"]
[White "Saveljevs, Aleksandrs"]
[Black "Levi, Netanel"]
[Result "1/2-1/2"]
[WhiteElo "1974"]
[BlackElo "2179"]
[WhiteFideId "11601779"]
[BlackFideId "2815400"]
[EventDate "2022.12.12"]

1. e4 c5 2. Nc3 Nc6 3. Bb5 Nd4 4. Nf3 a6 5. Bd3 g6 6. Nxd4 cxd4 7. Ne2 d5 8. c3
dxe4 9. Bxe4 Nf6 10. Qa4+ Qd7 11. Qxd7+ Kxd7 12. Bc2 dxc3 13. dxc3 e5 14. Bg5
Ke7 15. O-O h6 16. Be3 Nd5 17. Bc5+ Kf6 18. Ng3 Bxc5 19. Ne4+ Ke7 20. Nxc5 b6
21. Nd3 f6 22. Rfe1 Bf5 23. Rad1 Rhd8 24. Nxe5 Bxc2 25. Nc6+ Kf8 26. Nxd8 Bxd1
27. Rxd1 Rxd8 28. c4 Rc8 29. Rxd5 Rxc4 30. Kf1 Rc2 31. Rd6 Rxb2 32. Rxf6+ Kg7
33. Rc6 h5 34. h4 a5 35. a4 Rb4 36. g3 Rxa4 37. Rxb6 Ra1+ 38. Ke2 a4 39. Ra6 a3
40. Kd2 Kf7 41. Ke2 Kg7 42. Kd2 Ra2+ 43. Ke3 Kf7 44. Kf3 Ra1 45. Ke2 Kg7 46. Kd2 1/2-1/2

[Event "9th Sunway Sitges 2022"]
[Site "Sitges ESP"]
[Date "2022.12.19"]
[Round "7.107"]
[White "Kumar, Sanjit S"]
[Black "Perkampus, Laurin"]
[Result "0-1"]
[WhiteElo "1965"]
[BlackElo "2168"]
[WhiteFideId "468142"]
[BlackFideId "16232283"]
[EventDate "2022.12.12"]

1. d4 Nf6 2. c4 g6 3. Nc3 d5 4. Nf3 Bg7 5. Qb3 dxc4 6. Qxc4 O-O 7. e4 c6 8. Be2
e5 9. dxe5 Ng4 10. Bf4 Qb6 11. O-O Be6 12. Qd3 Rd8 13. Qc2 Nd7 14. h3 Ngxe5 15.
Bg5 Re8 16. Be3 Nxf3+ 17. Bxf3 Qa5 18. Rfd1 Rad8 19. Be2 Ne5 20. Na4 Rxd1+ 21.
Rxd1 b5 22. Nc5 Qxa2 23. Nxe6 Qxe6 24. Bxa7 Nc4 25. Bxc4 Qxc4 26. Qxc4 bxc4 27.
Rd2 h5 28. f3 Ra8 29. Be3 Ra2 30. Bd4 Bh6 31. Rc2 Ra4 32. Kf2 Kf8 33. g3 Ke7 34.
h4 Ke6 35. f4 Bf8 36. Ke3 Bb4 37. Bc3 Bc5+ 0-1

[Event "9th Sunway Sitges 2022"]
[Site "Sitges ESP"]
[Date "2022.12.19"]
[Round "7.108"]
[White "Zhang, Kendrick Botong"]
[Black "Hryzlova, Sofiia"]
[Result "0-1"]
[WhiteTitle "CM"]
[BlackTitle "WIM"]
[WhiteElo "1963"]
[BlackElo "2157"]
[WhiteFideId "4307704"]
[BlackFideId "14174669"]
[EventDate "2022.12.12"]

1. e4 c5 2. Nf3 d6 3. d4 cxd4 4. Nxd4 Nf6 5. Nc3 a6 6. h3 Nc6 7. Be3 h5 8. Qd2
e6 9. O-O-O Bd7 10. Nxc6 Bxc6 11. Bg5 Be7 12. f4 Qc7 13. Bd3 b5 14. Qe3 b4 15.
Ne2 Bb7 16. Nd4 Qc5 17. Rhe1 Rc8 18. Nb3 Qc7 19. Kb1 a5 20. Nd4 Qc5 21. Nb3 Qxe3
22. Rxe3 a4 23. Na5 Ba8 24. Bxf6 gxf6 25. Bb5+ Kf8 26. Bxa4 d5 27. exd5 Bxd5 28.
Bb3 Bxg2 29. Rg3 Be4 30. Re3 f5 31. Nc4 Rg8 32. Kc1 Bc5 33. Ree1 Rg3 34. Nd6
Bxd6 35. Rxd6 Rxh3 36. Rf1 h4 37. Rd2 Ke7 38. Ba4 Rg3 39. Rh2 h3 40. Kd1 Bg2 41.
Rf2 Rc4 42. Bb5 Rd4+ 43. Bd3 Be4 44. Rd2 Rg1+ 45. Ke2 Bg2 46. Ke3 Rd8 47. c3
bxc3 48. bxc3 Rc1 49. c4 Rc3 50. Ke2 Rd4 51. a4 Rxf4 52. a5 Ra3 53. Rd1 Bf3+ 0-1

[Event "9th Sunway Sitges 2022"]
[Site "Sitges ESP"]
[Date "2022.12.19"]
[Round "7.109"]
[White "Uber Gracia, Hugo"]
[Black "Leftheriotis, Alexandros"]
[Result "1-0"]
[WhiteElo "1931"]
[BlackElo "2143"]
[WhiteFideId "54720079"]
[BlackFideId "25820770"]
[EventDate "2022.12.12"]

1. e4 c5 2. Nf3 d6 3. d4 cxd4 4. Qxd4 Nc6 5. Qe3 g6 6. Be2 Bg7 7. O-O Nf6 8. Rd1
O-O 9. h3 b6 10. c4 Bb7 11. Nc3 Nd7 12. Rb1 Nc5 13. b4 Nd7 14. a3 Rc8 15. Nd5
Nce5 16. Nxe5 Nxe5 17. c5 e6 18. Nc3 d5 19. Nb5 bxc5 20. bxc5 Ba6 21. Nd6 Rxc5
22. Qxc5 Bxe2 23. Rd2 Nf3+ 24. Kh1 Nxd2 25. Bxd2 dxe4 26. Ba5 Qh4 27. Bd2 Rd8
28. Bg5 Qh5 29. Nxe4 Bd3 30. Ng3 Bf8 31. Qe3 Bxb1 32. Nxh5 Rd1+ 33. Kh2 gxh5 34.
Bf4 a6 35. Qb3 Rf1 36. Qb8 Kg7 37. Be5+ f6 38. Bxf6+ Kf7 39. Qf4 Bf5 40. Bd4 Ke8
41. Qb8+ Kf7 42. Qb7+ Kg6 43. Qxa6 Rd1 44. Be5 Bc5 45. Qc8 1-0

[Event "9th Sunway Sitges 2022"]
[Site "Sitges ESP"]
[Date "2022.12.19"]
[Round "7.110"]
[White "Villa Tornero, Alex"]
[Black "Noria Silvestre, Joaquin"]
[Result "1-0"]
[WhiteElo "1925"]
[BlackElo "2138"]
[WhiteFideId "54501091"]
[BlackFideId "2200619"]
[EventDate "2022.12.12"]

1. e4 d5 2. Nc3 d4 3. Nce2 Nc6 4. d3 e5 5. g3 f5 6. Bg2 fxe4 7. Bxe4 Nf6 8. Bg5
Qd6 9. Bxf6 gxf6 10. f4 Be6 11. Nf3 Bh6 12. c4 dxc3 13. Nxc3 exf4 14. Qa4 O-O
15. O-O-O Ne7 16. gxf4 c6 17. Kb1 f5 18. Rhg1+ Ng6 19. Ne5 Bxf4 20. Nxg6 hxg6
21. Rxg6+ Kf7 22. Bxf5 Bxf5 23. Rxd6 Bxd6 24. Qb3+ Kg7 25. Ne4 Be7 26. Qxb7 1-0

[Event "9th Sunway Sitges 2022"]
[Site "Sitges ESP"]
[Date "2022.12.19"]
[Round "7.111"]
[White "Harish, Neeraj"]
[Black "Lorscheid, Gerhard"]
[Result "0-1"]
[WhiteTitle "CM"]
[BlackTitle "FM"]
[WhiteElo "1902"]
[BlackElo "2137"]
[WhiteFideId "30958130"]
[BlackFideId "4606000"]
[EventDate "2022.12.12"]

1. e4 d6 2. d4 Nf6 3. Nc3 e5 4. Nf3 Nbd7 5. Rg1 g6 6. g4 exd4 7. Nxd4 Bg7 8. Be3
Nc5 9. f3 h5 10. g5 Nh7 11. Qd2 O-O 12. O-O-O Re8 13. Bd3 c6 14. f4 Bg4 15. Rde1
d5 16. exd5 Qb6 17. Nb3 Nxb3+ 18. axb3 Qa5 19. Kb1 cxd5 20. Nb5 Qxd2 21. Bxd2
Rxe1+ 22. Rxe1 Bf8 23. Bf1 Bf3 24. Bc3 a6 25. Nd4 Be4 26. Be2 Bd6 27. Bd2 Nf8
28. Bf3 Re8 29. Bxe4 Rxe4 30. Rxe4 dxe4 31. c4 Ne6 32. Nxe6 fxe6 33. b4 e5 34.
c5 Bc7 35. fxe5 Bxe5 36. h3 Kf7 37. Kc2 Ke6 38. Kb3 Kd5 39. Be3 Bd4 40. Bd2 Bf2
41. b5 axb5 42. Kb4 Kc6 0-1

[Event "9th Sunway Sitges 2022"]
[Site "Sitges ESP"]
[Date "2022.12.19"]
[Round "7.112"]
[White "Fanninger, Leon"]
[Black "Arvind Ramnath Iyer"]
[Result "1/2-1/2"]
[WhiteElo "2136"]
[BlackElo "1834"]
[WhiteFideId "1649400"]
[BlackFideId "5062160"]
[EventDate "2022.12.12"]

1. g3 Nf6 2. Bg2 g6 3. e4 d6 4. d3 Bg7 5. Ne2 c5 6. O-O O-O 7. c4 e5 8. Nbc3 Nc6
9. h3 Nh5 10. g4 Nf6 11. f4 exf4 12. Bxf4 Ne8 13. Qd2 Ne5 14. Nd5 Be6 15. Rad1
Nc7 16. b3 Nxd5 17. exd5 Bd7 18. Bg5 f6 19. Bh6 Bxh6 20. Qxh6 f5 21. gxf5 Rxf5
22. Ng3 Rxf1+ 23. Rxf1 Nf7 24. Qf4 Ne5 25. d4 cxd4 26. Qxd4 Qb6 27. Qxb6 axb6
28. a4 Rf8 29. Ne4 Bf5 30. Nxd6 Bc2 31. Rxf8+ Kxf8 32. Nxb7 Bxb3 33. c5 Bxa4 34.
c6 Ke8 35. h4 h6 36. Kf2 Nf7 37. Be4 g5 38. h5 Ke7 39. Bf5 Nd6 40. c7 Bd7 41.
Bxd7 Ne4+ 42. Ke3 Kxd7 43. Kxe4 Kxc7 1/2-1/2

[Event "9th Sunway Sitges 2022"]
[Site "Sitges ESP"]
[Date "2022.12.19"]
[Round "7.113"]
[White "Ezquerro Luque, Albert"]
[Black "Patel, Zain"]
[Result "1-0"]
[WhiteElo "2134"]
[BlackElo "1761"]
[WhiteFideId "2276682"]
[BlackFideId "469246"]
[EventDate "2022.12.12"]

1. e4 c6 2. d4 d5 3. Nd2 dxe4 4. Nxe4 Nf6 5. Nxf6+ exf6 6. Nf3 Bd6 7. Bd3 O-O 8.
O-O Re8 9. h3 Be6 10. Nh4 Qd7 11. Qf3 Na6 12. c3 Nc7 13. Nf5 Bf8 14. a4 Rad8 15.
a5 c5 16. Rd1 Bb3 17. Rf1 cxd4 18. Nxd4 Bd5 19. Qg3 Be4 20. Bc4 Bd5 21. Bd3 Be4
22. Bc4 Bd5 23. Be2 Ne6 24. Nf5 Nf4 25. Bxf4 Rxe2 26. Nxg7 Kh8 27. Nh5 Qf5 28.
Qh4 Rxb2 29. Nxf6 Be7 30. Be5 Re2 31. Bd4 Bc6 32. Nd5+ 1-0

[Event "9th Sunway Sitges 2022"]
[Site "Sitges ESP"]
[Date "2022.12.20"]
[Round "8.1"]
[White "Tabatabaei, M. Amin"]
[Black "Alekseenko, Kirill"]
[Result "1/2-1/2"]
[WhiteTitle "GM"]
[BlackTitle "GM"]
[WhiteElo "2660"]
[BlackElo "2672"]
[WhiteFideId "12521213"]
[BlackFideId "4135539"]
[EventDate "2022.12.12"]

1. Nf3 Nf6 2. g3 c5 3. Bg2 Nc6 4. c4 d5 5. cxd5 Nxd5 6. Nc3 g6 7. h4 Bg7 8. h5
Bf5 9. h6 Bf6 10. O-O O-O 11. Nh2 Nxc3 12. dxc3 Qc8 13. Be3 Bh3 14. Bxc5 Bxg2
15. Kxg2 Bg5 16. Qd5 Bxh6 17. Rad1 b6 18. Ba3 Bg7 19. Nf3 Qc7 20. Kg1 Kh8 21.
Kg2 Kg8 22. Kg1 Kh8 23. Kg2 Kg8 24. Kg1 1/2-1/2

[Event "9th Sunway Sitges 2022"]
[Site "Sitges ESP"]
[Date "2022.12.20"]
[Round "8.2"]
[White "Niemann, Hans Moke"]
[Black "Aravindh, Chithambaram VR."]
[Result "1-0"]
[WhiteTitle "GM"]
[BlackTitle "GM"]
[WhiteElo "2698"]
[BlackElo "2607"]
[WhiteFideId "2093596"]
[BlackFideId "5072786"]
[EventDate "2022.12.12"]

1. c4 c6 2. d4 d5 3. Nf3 Nf6 4. e3 Bf5 5. Nc3 e6 6. Nh4 Bg4 7. Qb3 dxc4 8. Qxb7
Nbd7 9. h3 Bh5 10. Qxc6 Rc8 11. Qa4 Nd5 12. Nf3 Bxf3 13. gxf3 Bb4 14. Bd2 O-O
15. Bg2 e5 16. Nxd5 Bxd2+ 17. Kxd2 exd4 18. Ke2 d3+ 19. Kd2 Nb6 20. Nxb6 Qxb6
21. Qa3 Rc5 22. Qc3 Rg5 23. Bf1 Rb8 24. Rb1 Rb5 25. b3 Qa6 26. Rb2 g6 27. Rg1
Rc8 28. b4 Qb7 29. Rg4 Qxf3 30. Rf4 Qc6 31. a4 Rg5 32. b5 Qh1 33. Bxd3 Rg1 34.
Be2 Ra1 35. Rxc4 Rd8+ 36. Rd4 Re8 37. Kd3 Qxh3 38. Kc2 Qf5+ 39. Kb3 a6 40. Rf4 1-0

[Event "9th Sunway Sitges 2022"]
[Site "Sitges ESP"]
[Date "2022.12.20"]
[Round "8.3"]
[White "Grigoryan, Karen H."]
[Black "Yu, Yangyi"]
[Result "0-1"]
[WhiteTitle "GM"]
[BlackTitle "GM"]
[WhiteElo "2619"]
[BlackElo "2728"]
[WhiteFideId "13301004"]
[BlackFideId "8603820"]
[EventDate "2022.12.12"]

1. d4 Nf6 2. c4 e6 3. Nc3 Bb4 4. Qc2 d5 5. a3 Bxc3+ 6. Qxc3 O-O 7. Nf3 dxc4 8.
Qxc4 b6 9. Bg5 c5 10. dxc5 bxc5 11. Qxc5 Nbd7 12. Qd4 e5 13. Qd6 Rb8 14. Bxf6
Qxf6 15. Qxf6 gxf6 16. b4 a5 17. bxa5 Nc5 18. g4 Rd8 19. Rg1 e4 20. Nh4 Nb3 21.
Ra2 Nxa5 22. Ra1 Nb3 23. Ra2 Nd4 0-1

[Event "9th Sunway Sitges 2022"]
[Site "Sitges ESP"]
[Date "2022.12.20"]
[Round "8.4"]
[White "Moussard, Jules"]
[Black "Puranik, Abhimanyu"]
[Result "1/2-1/2"]
[WhiteTitle "GM"]
[BlackTitle "GM"]
[WhiteElo "2684"]
[BlackElo "2616"]
[WhiteFideId "642908"]
[BlackFideId "5061245"]
[EventDate "2022.12.12"]

1. e4 e5 2. Nf3 Nc6 3. Bc4 Bc5 4. O-O Nf6 5. d3 d6 6. c3 O-O 7. h3 h6 8. Re1 a5
9. Bb5 Bd7 10. Nbd2 Ba7 11. Nf1 Ne7 12. Bxd7 Qxd7 13. Ng3 Ng6 14. d4 Rfe8 15.
Be3 a4 16. Qc2 Qc6 17. Rad1 Kh7 18. c4 b5 19. Rc1 bxc4 20. Qxc4 Qxc4 21. Rxc4
exd4 22. Bxd4 Bxd4 23. Nxd4 Ra7 24. Re2 Ne5 25. Rc3 Rb7 26. Rec2 Rb4 27. Nc6
Nxc6 28. Rxc6 Nxe4 29. Nxe4 Rexe4 30. Rxc7 Kg6 31. a3 Rbd4 32. g3 h5 33. h4 Re5
34. R7c4 Red5 35. Kg2 Kf6 36. Kf3 Rxc4 37. Rxc4 Rb5 38. Rxa4 Rxb2 39. Rf4+ Ke6
40. Re4+ Kf6 41. a4 Ra2 42. Ke3 g5 43. hxg5+ Kxg5 44. Rf4 f5 45. Rd4 d5 46. Rb4
Ra3+ 47. Kd4 f4 48. gxf4+ Kxf4 49. Kxd5+ Kf3 50. Ke5 Kxf2 51. Kf5 Ke2 52. Rh4
Kd2 53. Ke5 Kc2 54. Rxh5 Rxa4 1/2-1/2